|
|
|
|
| LEADER |
00601nta a2200157 i 4500 |
| 001 |
dipl45178 |
| 005 |
20160523090330.0 |
| 008 |
141020s1998 hu om 0|| zxx d |
| 040 |
|
|
|a SZTE Diploma Repozitórium
|b hun
|
| 041 |
|
|
|a zxx
|
| 100 |
1 |
|
|a Szarvas Katalin
|
| 245 |
1 |
0 |
|a Testrészneveket tartalmazó magyar és német frazeológiai egységek kontrasztív vizsgálata
|h [elektronikus dokumentum] /
|c Katalin Szarvas
|
| 260 |
|
|
|c 1998
|
| 650 |
|
4 |
|a Bölcsészettudományok
|
| 700 |
1 |
|
|a Forgács Tamás
|e ths
|
| 856 |
4 |
0 |
|u http://diploma.bibl.u-szeged.hu/id/eprint/45178/1/1998_szarvas_katalin.pdf
|z Dokumentum-elérés
|